| 000 | 00965nam a22003497a 4500 | ||
|---|---|---|---|
| 001 | BR0600086 | ||
| 003 | BR-BrBNA | ||
| 005 | 20240318144801.0 | ||
| 007 | ta | ||
| 008 | 230509b bl.||||| |||| 00| 0 por d | ||
| 022 | _a1808-5180 | ||
| 040 |
_aBR-BrBNA _bpor _cBiblioteca Nacional de Agricultura |
||
| 041 | _a(Por) | ||
| 072 |
_aE70; E71; E16 _b0230 |
||
| 100 | 1 | _aRosa, G.R. da | |
| 110 | 1 |
_aEditora Gazeta Santa Cruz Ltda., RS (Brasil) _93489 |
|
| 245 | 1 | _aAnuário brasileiro da cana-de-açúcar 2005 | |
| 260 | 3 |
_aSanta Cruz do Sul, RS (Brasil): _c2005. |
|
| 300 | _a136 p. | ||
| 500 | _a14 tables; 76 illus. | ||
| 650 | _aCANA DE AÇÚCAR | ||
| 650 | _aPRODUÇÃO VEGETAL | ||
| 650 | _aMERCADO NACIONAL | ||
| 650 | _aMERCADO INTERNACIONAL | ||
| 650 | _aCUSTO DE PRODUÇÃO | ||
| 650 | _aAÇÚCAR | ||
| 650 | _aÁLCOOL | ||
| 650 | _aCACHAÇA | ||
| 650 | _aMELHORAMENTO GENÉTICO VEGETAL | ||
| 650 | _aMEIO AMBIENTE | ||
| 942 |
_cBK _2AGRIS |
||
| 999 |
_c68955 _d68955 |
||